Management of Change

Enregistré dans:
Détails bibliographiques
Format: Livre
Langue:anglais
Publié: Boston Harvard Business Review 1991
Édition:1. ed.
Collection:Harvard Business Review Paperback Books
Sujets:
Tags: Ajouter un tag
Pas de tags, Soyez le premier à ajouter un tag!

MARC

LEADER 00000nam a2200000 4500
001 c014335
005 20221206114740.6
020 |a 0-87584-261-5 
041 0 |a eng 
044 |a US 
245 1 0 |a Management of Change 
250 |a 1. ed. 
264 1 |a Boston  |b Harvard Business Review  |c 1991 
300 |a 121 s. 
490 1 |a Harvard Business Review Paperback Books 
830 0 |a Harvard Business Review Paperback Books 
610 2 0 |a zmeny organizačné 
610 2 0 |a manažment 
610 2 0 |a riadenie 
610 2 0 |a vedenie 
610 2 0 |a štúdie prípadové